000 00599cam a22002173a 4500
001 39968
003 PGUSA
005 20140828083906.0
008 120611s2012||||xxu|||||s|||||000 | eng d
040 _aPGUSA
_beng
042 _adc
100 1 _aNewbigging, Thomas
245 1 0 _aLancashire Humour
_h[electronic resource] /
_cThomas Newbigging
260 _bProject Gutenberg,
_c2012
506 _aPublic domain in the USA.
516 _aElectronic text
700 1 _aSymington, J. Ayton
830 0 _aProject Gutenberg
_v39968
856 4 0 _uhttp://www.gutenberg.org/ebooks/39968
942 _cEB
999 _c269221
_d269221